Statistics for Countries that Export Mostly to a Single Country

Click here to take the quiz!

General Stats

  • This quiz has been taken 99 times
  • The average score is 28 of 45

Answer Stats

Country% Correct
China
99%
China
99%
China
99%
China
99%
United States
99%
United States
99%
United States
99%
United States
99%
United States
99%
United States
99%
United States
99%
United States
99%
United States
99%
United States
99%
Russia
87%
Canada
86%
Germany
80%
Germany
80%
Germany
80%
Germany
80%
Japan
71%
Italy
67%
Australia
63%
Switzerland
56%
South Africa
55%
Dominican Republic
51%
Luxembourg
43%
Czech Republic
40%
Ireland
40%
Honduras
39%
Nicaragua
35%
Colombia
34%
Fiji
33%
Chile
30%
Namibia
30%
Kyrgyzstan
29%
Myanmar
29%
Hungary
28%
Ecuador
27%
Albania
26%
Israel
25%
Brunei
22%
Armenia
17%
Macedonia
12%
Republic of the Congo
11%

Score Distribution

Percentile by Number Answered

Percent of People with Each Score

Your Score History

You have not taken this quiz